The new aerobic for women

Bibliographic Details
Main Author: Cooper, Kenneth H
Other Authors: Cooper, Mildred
Format: Book
Published: New York : Bantam Books , 1988
Subjects:

MARC

LEADER 00000cam a2200000 7i4500
001 0000008522
002 000009288
005 20000330.0
020 |a 0553345133 
090 0 0 |a 613.71024042   |b COO 
100 1 |a Cooper, Kenneth H 
245 1 4 |a The new aerobic for women   |c Kenneth H.Cooper and Mildred Cooper 
260 |a New York :   |b Bantam Books ,   |c 1988 
300 |a 324p. ;   |c 23cm. 
650 0 0 |a Aerobic exercise 
650 0 0 |a Exercise for women 
700 1 |a Cooper, Mildred 
999 |a 0013698   |b BUKU   |c PINJAMAN   |e PERPUSTAKAAN KOMUNITI PETALING JAYA 
999 |a 018261   |b BUKU   |c PINJAMAN   |e PERPUSTAKAAN KOMUNITI PETALING JAYA